¿Crisis financieras en Costa Rica? /

Guardado en:
Bibliografiske detaljer
Hovedforfatter: Redondo Gómez, Bernardita
Format: Texto
Tags: Tilføj Tag
Ingen Tags, Vær først til at tagge denne postø!

MARC

LEADER 00000 a a2200000 04500
001 2994
003
040
100 |a Redondo Gómez, Bernardita  
245 |a ¿Crisis financieras en Costa Rica? /  |c Bernardita Redondo Gómez 
773 |g volumen 17, número 2; páginas 103-149  
999 |c 21737  |d 21737